00983nam a2200229 a 450000100060000000300080000600500170001400800410003103500190007204000350009104100080012608200290013410000230016324502050018626000820039130000380047350200880051150400250059965000590062470000310068370000390071481264BD-RjUL20230227102658.0230227s2018 bg a|||| m||| 00| 0 eng d a(BD-RjUL)81264 aBD-RjULbengcBD-RjULdBD-RjUL aeng a636.095492bKAS 2018223 aKabir, Md. Zobidul10aStrengthening Perspectives of Veterinary Public Health Services in Context of Enviromental Realties in Bangladesh /cMd. Zobidul Kabir ;6Supervisor : Moizur Rahman, Co-Supervisor : Md. Jahanur Rahman aRajshahi :bInstitute of Environmental Science, University of Rajshahi,c2018 axxi, 378 Leaves :bill, ;c29 cm. aThesis (Ph. D.) -- Institute of Environmental Science, University of Rajshahi, 2018 aReferences : 313-330 aAnimal HusbandryvVeterinary Public HealthzBangladesh aRahman, Moizur, Supervisor aRahman, Md. Jahanur, Co-Supervisor